| 000 | 01293nam0a22003491 4500 | ||
|---|---|---|---|
| 001 | GAK\3366421 | ||
| 005 | 20260522121111.0 | ||
| 010 |
_a5-7133-0400-0 _bв пер. _d8 р. _9100000 |
||
| 021 |
_aRU _b91-58009 |
||
| 035 | _a(NLR Aleph) 010707096 | ||
| 090 |
_a9750871 _c9750871 |
||
| 100 | _a20150325d1991 k y0rusy50 ca | ||
| 101 | 1 |
_arus _cfre |
|
| 102 | _aRU | ||
| 105 | _aa z|||||1|b | ||
| 200 | 1 |
_aНиколай II _e[перевод] _fМарк Ферро |
|
| 210 |
_aМосква _cМеждународные отношения _d1991 |
||
| 215 |
_a349, [1] с., [8] л. ил. _d21 |
||
| 300 | _aПеревод издания: Nicolas II / Marc Ferro. - Paris, 1990 | ||
| 320 | _aБиблиогр.: с. 332-337 | ||
| 320 | _aУказатель имен: с. 338-345 | ||
| 454 | 0 |
_12001#$aNicolas II$fMarc Ferro _1210##$aParis$d1990 _1700#1$aFerro$bM.$gMarc _tNicolas II _aFerro, Marc |
|
| 600 | 0 |
_aНиколай _cимператор российский _dII _f1868 - 1918 _91708972 _3RU\NLR\AUTH\66761509 |
|
| 686 | 0 |
_aТ3(2)52,022.1 _2rubbk |
|
| 700 | 1 |
_aФерро _bМ. _gМарк |
|
| 801 | 0 |
_aRU _bNLR _c20150325 _gpsbo |
|
| 801 | 1 |
_aRU _bNLR _c20150325 _2rusmarc |
|
| 801 | 2 |
_aRU _bNLR _c20150325 _2rusmarc |
|
| 852 |
_aNLR _j91-3/11490 |
||
| 942 | _cBOOK | ||
| 980 | _aNB | ||